[Event "31è Open International d'Avoine 2016"]
[Site "Avoine"]
[Date "2016.07.23"]
[Round "2.11"]
[White "Najart, David"]
[Black "Haub, Thorsten Michael"]
[Result "1/2-1/2"]
[WhiteElo "2159"]
[BlackElo "2363"]
[PlyCount "100"]
[EventDate "2016.??.??"]

1. c4 f5 2. g3 Nf6 3. Bg2 g6 4. Nc3 Bg7 5. d3 d6 6. e4 Nc6 7. Nge2 O-O 8. O-O
Be6 9. b3 fxe4 10. dxe4 Qc8 11. f3 Bh3 12. Be3 Rf7 13. Qd2 Bxg2 14. Kxg2 Qd7
15. Rad1 Raf8 16. Nd5 Ne8 17. c5 Ne5 18. Ng1 a6 19. h3 Nc6 20. cxd6 cxd6 21.
Nb6 Qd8 22. Rc1 Nf6 23. Ne2 Nd7 24. Nd5 Re8 25. b4 Qb8 26. a4 e6 27. Ndf4 Nf8
28. Rfd1 Rd7 29. b5 axb5 30. axb5 Ne5 31. Nd4 Nf7 32. Nb3 Rc7 33. Na5 Rec8 34.
b6 Rxc1 35. Rxc1 Rxc1 36. Qxc1 Qa8 37. Nxb7 Qxb7 38. Qc7 Qa6 39. b7 Qa2+ 40.
Kh1 Qb1+ 41. Kh2 Ne5 42. b8=Q Qf1 43. g4 Bf6 44. Ng2 Nxf3+ 45. Kg3 Nh4 46.
Qxf8+ Kxf8 47. Bh6+ Ke8 48. Qc8+ Ke7 49. Qc7+ Ke8 50. Qc8+ Ke7 1/2-1/2

[Event "31è Open International d'Avoine 2016"]
[Site "Avoine"]
[Date "2016.07.23"]
[Round "2.12"]
[White "Ollier, Pablo"]
[Black "Trouve, Guillaume"]
[Result "0-1"]
[WhiteElo "2362"]
[BlackElo "2142"]
[PlyCount "78"]
[EventDate "2016.??.??"]

1. d4 Nf6 2. c4 e6 3. g3 d5 4. Nf3 Bb4+ 5. Bd2 Be7 6. Bg2 O-O 7. O-O c6 8. Qc2
Nbd7 9. Bf4 b6 10. Rd1 Bb7 11. Ne5 Rc8 12. Qa4 Nxe5 13. dxe5 Nd7 14. Qxa7 Qc7
15. Qa4 g5 16. cxd5 cxd5 17. Bxg5 Bxg5 18. Qg4 h6 19. f4 Nxe5 20. fxe5 Qxe5 21.
h4 Rc4 22. e4 f5 23. Qh5 Be3+ 24. Kh2 Rc2 25. Nc3 d4 26. Re1 dxc3 27. Rxe3 cxb2
28. Rd1 Bxe4 29. Rxe4 Rxg2+ 30. Kxg2 Qxe4+ 31. Kh3 Qg4+ 32. Qxg4+ fxg4+ 33.
Kxg4 e5 34. Kh5 Kg7 35. g4 e4 36. g5 hxg5 37. Kxg5 e3 38. h5 e2 39. Rd7+ Kg8
0-1

[Event "31è Open International d'Avoine 2016"]
[Site "Avoine"]
[Date "2016.07.23"]
[Round "2.13"]
[White "Kassis, Antoine"]
[Black "Braeuning, Rudolf Wilhelm"]
[Result "0-1"]
[WhiteElo "2148"]
[BlackElo "2358"]
[PlyCount "92"]
[EventDate "2016.??.??"]

1. d4 Nf6 2. c4 e6 3. Nf3 b6 4. g3 Ba6 5. Qc2 d5 6. cxd5 exd5 7. Bg2 Bd6 8. O-O
O-O 9. Nc3 Nbd7 10. Nh4 c6 11. Nf5 Bc7 12. Rd1 Bb7 13. e4 dxe4 14. Nxe4 Nxe4
15. Bxe4 Rc8 16. b3 Re8 17. Qd3 Nf6 18. Bg5 h6 19. Bh4 Re6 20. Bg2 Qf8 21. Bxf6
Rxf6 22. Rac1 g6 23. Ne3 h5 24. Nc4 Rd8 25. Qc3 Re6 26. Ne3 Rde8 27. b4 b5 28.
Bh3 R6e7 29. Qc5 Bb6 30. Qg5 Qg7 31. Qf4 Re4 32. Qf3 Bxd4 33. Bd7 Rxe3 34. Qf4
R3e4 35. Qc7 Re2 36. Bxe8 Bxf2+ 37. Kf1 Rxe8 38. Qxb7 Be3 39. Qxc6 Re6 40. Qa8+
Kh7 41. Rc2 Qf6+ 42. Kg2 Qf5 43. Rc8 Qf2+ 44. Kh3 Bd4 45. Qd5 Re2 46. Rh1 Be5
0-1

[Event "31è Open International d'Avoine 2016"]
[Site "Avoine"]
[Date "2016.07.23"]
[Round "2.14"]
[White "Bujisho, Benjamin"]
[Black "Malassagne, Isabelle"]
[Result "1-0"]
[WhiteElo "2354"]
[BlackElo "2140"]
[PlyCount "111"]
[EventDate "2016.??.??"]

1. b3 e5 2. Bb2 Nc6 3. e3 Nf6 4. c4 Be7 5. d3 O-O 6. Nf3 Re8 7. Be2 d5 8. cxd5
Nxd5 9. a3 Bf8 10. Qc2 Nf6 11. Nbd2 Bf5 12. O-O Qe7 13. b4 a6 14. Rac1 Rad8 15.
Rfd1 h6 16. h3 Qe6 17. Ne4 Bg6 18. Nxf6+ Qxf6 19. Qa4 Qe6 20. b5 axb5 21. Qxb5
Rd6 22. Nd2 Rb8 23. Ne4 Rd5 24. Qc4 Ra5 25. Qxe6 fxe6 26. Bf3 Kf7 27. Rc3 Rb5
28. Rd2 Ra8 29. Rdc2 Rd8 30. a4 Rb4 31. a5 Nxa5 32. Rxc7+ Kg8 33. R7c3 Nc6 34.
Kh2 Rb5 35. Ba3 Bxa3 36. Rxa3 Bxe4 37. Bxe4 Ne7 38. Rca2 Nd5 39. Bg6 Nf6 40.
Ra8 Rbd5 41. R2a7 Kf8 42. Rxd8+ Rxd8 43. Rxb7 Rd7 44. Rb8+ Ke7 45. g4 Rd8 46.
Rb3 Nd5 47. h4 Rd7 48. g5 hxg5 49. hxg5 Rc7 50. Rb8 Kd6 51. Rf8 Kc5 52. Kg3 Nb4
53. Kg4 Ra7 54. Kh5 Nd5 55. Be4 Ne7 56. Rf7 1-0

[Event "31è Open International d'Avoine 2016"]
[Site "Avoine"]
[Date "2016.07.23"]
[Round "2.15"]
[White "Rodriguez Rodriguez, Antonio"]
[Black "Stephan, Victor"]
[Result "0-1"]
[WhiteElo "2141"]
[BlackElo "2353"]
[PlyCount "74"]
[EventDate "2016.??.??"]

1. d4 Nf6 2. Bg5 Ne4 3. h4 d5 4. Nd2 Nxd2 5. Qxd2 c5 6. e4 dxe4 7. d5 Qb6 8.
O-O-O g6 9. Qc3 Rg8 10. f3 Bg7 11. Qa3 h6 12. Be3 exf3 13. Nxf3 Bf5 14. Bd3 Nd7
15. Rhe1 Bxd3 16. Rxd3 Qb4 17. Qxb4 cxb4 18. Bf4 Nb6 19. Re4 a5 20. d6 e6 21.
Ne5 Bxe5 22. Rxe5 h5 23. Rb5 Nd5 24. Bg3 b6 25. c4 bxc3 26. bxc3 Kd7 27. c4
Rgc8 28. Rd4 Nc3 29. Kb2 Nxb5 30. cxb5 Rc5 31. a4 Rac8 32. Rd2 Rc4 33. Bf2 Rxa4
34. Bxb6 Rb4+ 35. Ka3 Rxb5 36. Bg1 Rd5 37. Rf2 f5 0-1

[Event "31è Open International d'Avoine 2016"]
[Site "Avoine"]
[Date "2016.07.23"]
[Round "2.16"]
[White "Shirazi, Kamran"]
[Black "Ronce, Nathan"]
[Result "0-1"]
[WhiteElo "2350"]
[BlackElo "2122"]
[PlyCount "146"]
[EventDate "2016.??.??"]

1. e4 c5 2. Nf3 e6 3. c3 Nf6 4. e5 Nd5 5. d4 cxd4 6. cxd4 b6 7. Nc3 Nxc3 8.
bxc3 Qc7 9. Bd2 Bb7 10. Bd3 d6 11. O-O Nd7 12. Re1 h6 13. Bf4 Be7 14. Rc1 Rd8
15. Bb1 dxe5 16. Nxe5 Nxe5 17. Bxe5 Bd6 18. Bxg7 Rg8 19. Qg4 Qe7 20. d5 Bxd5
21. Rcd1 Bc6 22. Bh7 h5 23. Qc4 Rxg7 24. Qxc6+ Kf8 25. Bc2 h4 26. Qf3 Rg5 27.
Rd4 Bc5 28. Rxd8+ Qxd8 29. Qf4 Qd5 30. Be4 Qe5 31. Qd2 Kg7 32. Kh1 Qf6 33. f4
Rg4 34. f5 exf5 35. Bd5 f4 36. h3 Rg5 37. c4 Be3 38. Qe2 b5 39. Rb1 b4 40. Qe1
a5 41. Qxh4 Rg6 42. Qe1 Qc3 43. Qd1 Qe5 44. Qd3 Rg3 45. Qf1 Bd4 46. Bf3 Rg6 47.
Qd3 Re6 48. Rf1 a4 49. Kh2 Rb6 50. Re1 Be3 51. Qd8 Qf6 52. Qd7 Qg6 53. g4 b3
54. c5 Qc2+ 55. Re2 Qxc5 56. axb3 axb3 57. Qd1 Qc1 58. Re1 b2 59. Be4 Ra6 60.
Bb1 Ra1 61. Qd8 Qd2+ 62. Qxd2 Bxd2 63. Rd1 Bc1 64. Bf5 b1=Q 65. Bxb1 Rxb1 66.
Kg2 Rb2+ 67. Kf3 Be3 68. h4 Rh2 69. h5 Rh3+ 70. Ke4 Rg3 71. Kf5 f3 72. g5 Rxg5+
73. Ke4 Rg1 0-1

[Event "31è Open International d'Avoine 2016"]
[Site "Avoine"]
[Date "2016.07.23"]
[Round "2.17"]
[White "De Lussac, Rainier"]
[Black "Deslandes, Pascal"]
[Result "1/2-1/2"]
[WhiteElo "2121"]
[BlackElo "2302"]
[PlyCount "58"]
[EventDate "2016.??.??"]

1. d4 Nf6 2. Nf3 g6 3. g3 Bg7 4. Bg2 O-O 5. O-O d6 6. c4 Nc6 7. Nc3 e5 8. d5
Ne7 9. e4 Nd7 10. Ne1 f5 11. Nd3 Nf6 12. Bg5 Nxe4 13. Nxe4 fxe4 14. Bxe4 Qe8
15. Bxe7 Qxe7 16. Rc1 Bf5 17. Qe2 Qd7 18. c5 Qa4 19. b4 Rf7 20. Rc3 Bxe4 21.
Qxe4 Qxa2 22. Rfc1 Raf8 23. R1c2 Qa1+ 24. Kg2 Qd1 25. Re2 Rf3 26. Ra3 Qb1 27.
Rb2 Qd1 28. Re2 Qb1 29. Rb2 Qd1 1/2-1/2

[Event "31è Open International d'Avoine 2016"]
[Site "Avoine"]
[Date "2016.07.23"]
[Round "2.18"]
[White "Burri, Quentin"]
[Black "Goettelmann, Guillaume"]
[Result "1/2-1/2"]
[WhiteElo "2294"]
[BlackElo "2103"]
[PlyCount "44"]
[EventDate "2016.??.??"]

1. e4 e5 2. Nf3 Nf6 3. Nxe5 d6 4. Nf3 Nxe4 5. d4 d5 6. Bd3 Bd6 7. O-O O-O 8.
Nbd2 Re8 9. Re1 Bf5 10. Nf1 Bg6 11. Ng3 c6 12. Ng5 Nxg3 13. Bxg6 Rxe1+ 14. Qxe1
hxg6 15. hxg3 Nd7 16. Bf4 Bxf4 17. gxf4 Qe8 18. Qb4 Nb6 19. Re1 Qf8 20. Qxf8+
Kxf8 21. Nh7+ Kg8 22. Ng5 Kf8 1/2-1/2

[Event "31è Open International d'Avoine 2016"]
[Site "Avoine"]
[Date "2016.07.23"]
[Round "2.19"]
[White "Lebret, Jean-Michel"]
[Black "Mancini, Mario"]
[Result "1/2-1/2"]
[WhiteElo "2110"]
[BlackElo "2278"]
[PlyCount "88"]
[EventDate "2016.??.??"]

1. e4 c5 2. Nc3 e6 3. g3 d5 4. d3 Nc6 5. Bg2 d4 6. Nce2 e5 7. f4 f6 8. Nf3 Bd6
9. O-O Nge7 10. fxe5 Nxe5 11. Nxe5 Bxe5 12. Bf4 Nc6 13. Bxe5 Nxe5 14. Nf4 O-O
15. h3 Qd6 16. Kh2 Be6 17. b3 Bf7 18. Bf3 Rad8 19. Bh5 g6 20. Be2 Kg7 21. Rf2
Bg8 22. Qd2 b6 23. Raf1 f5 24. exf5 Rxf5 25. Bf3 Nxf3+ 26. Rxf3 Re8 27. Ng2
Rxf3 28. Rxf3 Bd5 29. Rf1 Bxg2 30. Qxg2 Re3 31. Rf3 Re5 32. Rf2 Qe7 33. Qf3 Re3
34. Qf4 h5 35. h4 Re5 36. Qf3 Rf5 37. Qe2 Qxe2 38. Rxe2 Kf6 39. Kg2 Re5 40.
Rxe5 Kxe5 41. Kf2 b5 42. a3 a5 43. a4 bxa4 44. bxa4 Kf5 1/2-1/2

[Event "31è Open International d'Avoine 2016"]
[Site "Avoine"]
[Date "2016.07.23"]
[Round "2.20"]
[White "Doluhanova, Evgeniya"]
[Black "Bressy, Theo"]
[Result "1/2-1/2"]
[WhiteElo "2269"]
[BlackElo "2092"]
[PlyCount "134"]
[EventDate "2016.??.??"]

1. e4 g6 2. d4 Bg7 3. Nc3 d6 4. f4 Nf6 5. Nf3 O-O 6. Bd3 Nc6 7. h3 Nd7 8. Be3
e5 9. fxe5 dxe5 10. d5 Nd4 11. O-O Nc5 12. Bc4 Nxf3+ 13. Qxf3 Qe7 14. Rad1 Kh8
15. b4 Nd7 16. a3 a6 17. Qg3 Qd6 18. Bd3 b6 19. Nb1 a5 20. bxa5 Rxa5 21. Nd2 b5
22. Nb3 Rxa3 23. Bxb5 Ba6 24. Bd3 Bxd3 25. Rxd3 f5 26. Qe1 Ra4 27. exf5 gxf5
28. Rc3 Qxd5 29. Rxc7 f4 30. Bf2 Rc4 31. Rxc4 Qxc4 32. Qd1 Nf6 33. Qd3 Rc8 34.
Rd1 Qxc2 35. Qxc2 Rxc2 36. Rd8+ Ng8 37. Nc5 Rc1+ 38. Kh2 h6 39. Ne6 Bf6 40. Rd7
e4 41. Nxf4 Ne7 42. Rxe7 Bxe7 43. Ng6+ Kg7 44. Nxe7 Kf6 45. Nd5+ Ke5 46. Ne3 h5
47. g4 hxg4 48. Nxg4+ Kf5 49. Kg3 Rc3+ 50. Ne3+ Kg5 51. Kg2 Rb3 52. Nf1 Kf4 53.
Bg3+ Kg5 54. Be1 Rb2+ 55. Bf2 Kf4 56. Ne3 Re2 57. Nd5+ Ke5 58. Nb6 Kf4 59. Nc4
Rc2 60. Ne3 Re2 61. Ng4 Ra2 62. Ne3 Re2 63. h4 Rxe3 64. Bxe3+ Kxe3 65. h5 Kd2
66. h6 e3 67. h7 e2 1/2-1/2

[Event "31è Open International d'Avoine 2016"]
[Site "Avoine"]
[Date "2016.07.23"]
[Round "2.21"]
[White "Fruteau, Sabine"]
[Black "Bogdanov, Egor"]
[Result "0-1"]
[WhiteElo "2094"]
[BlackElo "2269"]
[PlyCount "122"]
[EventDate "2016.??.??"]

1. e4 c5 2. Nf3 g6 3. d4 cxd4 4. Qxd4 Nf6 5. c4 Nc6 6. Qd3 Bg7 7. Be2 d6 8. O-O
Bg4 9. Nc3 Rc8 10. Nd2 Ne5 11. Qe3 Bxe2 12. Qxe2 Nfd7 13. Rb1 Nb6 14. b3 Nexc4
15. Nxc4 Bxc3 16. Bh6 Nxc4 17. bxc4 b6 18. Rbc1 Bd4 19. Rfd1 e5 20. Qg4 Qd7 21.
Qh4 Qe7 22. Qh3 Qe6 23. Qh4 Rg8 24. Be3 Bxe3 25. fxe3 h5 26. Rd5 Rc6 27. Rcd1
f6 28. Qe1 Ke7 29. Qb4 Rgc8 30. Qa4 R8c7 31. Qa3 Rd7 32. Qb4 Qg4 33. Qa4 Rc5
34. Qc2 h4 35. h3 Qg3 36. Qd3 Rxd5 37. exd5 f5 38. Rf1 Rc7 39. Qb3 Qg5 40. Qd3
e4 41. Qb3 Qf6 42. Rf2 Qa1+ 43. Rf1 Qe5 44. Kh1 Kf6 45. Kg1 g5 46. Rf2 Rg7 47.
Qd1 Kg6 48. Qa4 Rc7 49. Qb3 Rf7 50. Qa4 f4 51. exf4 gxf4 52. Qd1 Qf5 53. Qd4 e3
54. Re2 Qe5 55. Qd3+ Kh6 56. a3 Rg7 57. Re1 Rg3 58. a4 Kg7 59. a5 Qb2 60. Re2
Qa1+ 61. Kh2 f3 0-1

[Event "31è Open International d'Avoine 2016"]
[Site "Avoine"]
[Date "2016.07.23"]
[Round "2.22"]
[White "Belenkaya, Dina"]
[Black "Afraoui, Solenn"]
[Result "1-0"]
[WhiteElo "2249"]
[BlackElo "1970"]
[PlyCount "101"]
[EventDate "2016.??.??"]

1. e4 c5 2. Nf3 d6 3. Bb5+ Bd7 4. Bxd7+ Qxd7 5. c4 e5 6. Nc3 g6 7. d3 Bg7 8. a3
Nc6 9. Rb1 Nge7 10. b4 b6 11. Nd5 Nxd5 12. cxd5 Nd4 13. Nd2 O-O 14. Bb2 f5 15.
bxc5 bxc5 16. O-O fxe4 17. dxe4 Rf4 18. f3 Raf8 19. Nc4 Bh6 20. Bxd4 cxd4 21.
Rb4 R4f6 22. Qa4 Qg7 23. Qa6 g5 24. Rb7 Qg6 25. h3 g4 26. hxg4 Bf4 27. Kf2 Qh6
28. Ke1 Qh2 29. Rb2 d3 30. Kd1 d2 31. Nxd2 Qxg2 32. Qe2 Qg3 33. Nc4 Bg5 34. Rb3
Qf4 35. Kc2 Rh6 36. Ne3 Rc8+ 37. Kb2 Rh2 38. Rf2 Rh1 39. Rf1 Rh2 40. Rf2 Rh1
41. Qa6 Rcc1 42. Rb8+ Kf7 43. Qxa7+ Be7 44. Rb4 Rc5 45. Rb7 Qxe3 46. Rxe7+ Kf6
47. Rf7+ Kg6 48. Rg7+ Kh6 49. g5+ Qxg5 50. Rxg5 Kxg5 51. f4+ 1-0

[Event "31è Open International d'Avoine 2016"]
[Site "Avoine"]
[Date "2016.07.23"]
[Round "2.23"]
[White "Caloone, Thomas"]
[Black "Le Borgne, Pierre"]
[Result "0-1"]
[WhiteElo "2029"]
[BlackElo "2247"]
[PlyCount "78"]
[EventDate "2016.??.??"]

1. e4 g6 2. d4 Bg7 3. Nc3 c6 4. g3 d6 5. Bg2 Nf6 6. Nge2 O-O 7. O-O Nbd7 8. Bg5
h6 9. Bd2 e5 10. Qc1 Kh7 11. dxe5 dxe5 12. h3 Qe7 13. Be3 b5 14. a3 Nb6 15. f4
Nc4 16. fxe5 Nxe5 17. Bd4 Bb7 18. Qe3 Nfd7 19. Qf2 a6 20. Nf4 Rad8 21. Rad1 a5
22. Nd3 Nxd3 23. Rxd3 b4 24. Bxg7 Kxg7 25. axb4 Ba6 26. b5 cxb5 27. Qa7 Qc5+
28. Qxc5 Nxc5 29. Rxd8 Rxd8 30. Nd5 Bb7 31. g4 Bc6 32. b3 Re8 33. Rf4 a4 34. b4
g5 35. Rf5 Nxe4 36. Nf6 Nxf6 37. Bxc6 Re1+ 38. Kf2 a3 39. Kxe1 a2 0-1

[Event "31è Open International d'Avoine 2016"]
[Site "Avoine"]
[Date "2016.07.23"]
[Round "2.24"]
[White "Frick, Christoph"]
[Black "Le Franc, Yves"]
[Result "1-0"]
[WhiteElo "2245"]
[BlackElo "1970"]
[PlyCount "81"]
[EventDate "2016.??.??"]

1. d4 d5 2. Bf4 Nf6 3. e3 Bf5 4. c4 Bxb1 5. Rxb1 c6 6. a3 e6 7. Nf3 Nbd7 8. h3
Be7 9. Bd3 dxc4 10. Bxc4 Nd5 11. Bh2 O-O 12. O-O N7b6 13. Bb3 Bd6 14. Ne5 f6
15. Nd3 Bxh2+ 16. Kxh2 Qd6+ 17. Kh1 Nd7 18. Rc1 Kh8 19. Qf3 Rae8 20. Rfd1 Nc7
21. Nf4 Nd5 22. Nd3 Nc7 23. Nc5 Nxc5 24. Rxc5 f5 25. Re5 Rf6 26. Bc2 Ref8 27.
Rd2 Nd5 28. Re2 Ne7 29. b4 a6 30. e4 Qxd4 31. exf5 Nxf5 32. Rxe6 g6 33. R6e4
Qd6 34. Qc3 Ng7 35. Re7 R6f7 36. R7e6 Qd8 37. f3 Qg5 38. Bb3 Rd7 39. Re8 Qf4
40. g3 Qd6 41. R2e6 1-0

[Event "31è Open International d'Avoine 2016"]
[Site "Avoine"]
[Date "2016.07.23"]
[Round "2.25"]
[White "Bonnaud, Remy"]
[Black "Taille, Jean-Yves"]
[Result "0-1"]
[WhiteElo "2237"]
[BlackElo "1947"]
[PlyCount "82"]
[EventDate "2016.??.??"]

1. d4 Nf6 2. Bg5 e6 3. Nf3 h6 4. Bf4 b6 5. e3 Bb7 6. h3 Bd6 7. Ne5 Be7 8. Bd3
d6 9. Nf3 Nbd7 10. Nbd2 c5 11. O-O O-O 12. c3 Qc7 13. e4 e5 14. Bh2 Rfe8 15.
Re1 Rad8 16. Rc1 Qb8 17. a3 cxd4 18. cxd4 exd4 19. Nxd4 Nc5 20. Bb5 Ncd7 21.
Nc6 Bxc6 22. Bxc6 Rc8 23. Nf3 Red8 24. Nd4 Ne5 25. b4 b5 26. Bxb5 Qb6 27. Rxc8
Rxc8 28. Nf5 Bf8 29. Bf1 Rc3 30. Qa1 Qc7 31. a4 Nd3 32. Bxd3 Rxd3 33. b5 Qc2
34. f3 d5 35. Rc1 Qe2 36. Re1 Qc2 37. Rc1 Qe2 38. Re1 Qc2 39. Rc1 Qe2 40. Nxh6+
gxh6 41. Qxf6 Qe3+ 0-1

[Event "31è Open International d'Avoine 2016"]
[Site "Avoine"]
[Date "2016.07.23"]
[Round "2.26"]
[White "Vekemans, Sylvain"]
[Black "Boehm, Martin"]
[Result "0-1"]
[WhiteElo "1909"]
[BlackElo "2234"]
[PlyCount "98"]
[EventDate "2016.??.??"]

1. c4 e5 2. Nc3 Nf6 3. g3 Bb4 4. Bg2 O-O 5. Nf3 Re8 6. O-O Nc6 7. Nd5 Bc5 8. d3
h6 9. a3 a5 10. Nd2 Nxd5 11. cxd5 Nd4 12. e3 Nf5 13. e4 Nd4 14. Nb3 Nxb3 15.
Qxb3 a4 16. Qc2 d6 17. Kh1 c6 18. dxc6 bxc6 19. f4 Qb6 20. f5 f6 21. Qe2 Ba6
22. g4 Qb3 23. Rf3 Rab8 24. h4 Qf7 25. Rh3 Rb3 26. g5 fxg5 27. hxg5 hxg5 28.
Bf1 Rxd3 29. Rxd3 Bxd3 30. Qxd3 Qh5+ 31. Qh3 Qd1 32. b4 axb3 33. Bb2 Qc2 34.
Qg2 Bf2 35. Qxg5 Rf8 36. Rc1 Qxb2 37. Bc4+ d5 38. exd5 Rf6 39. dxc6+ Kh7 40.
Bg8+ Kh8 41. c7 Bg3 42. Qxg3 Rh6+ 43. Kg1 Qxc1+ 44. Kf2 Qc2+ 45. Kg1 Kxg8 46.
Qxe5 b2 47. Qxb2 Qxb2 48. c8=Q+ Kh7 49. f6 Qxf6 0-1

[Event "31è Open International d'Avoine 2016"]
[Site "Avoine"]
[Date "2016.07.23"]
[Round "2.28"]
[White "Sochacki, Wojtek"]
[Black "Maloberti, David"]
[Result "0-1"]
[WhiteElo "2410"]
[BlackElo "2029"]
[PlyCount "94"]
[EventDate "2016.??.??"]

1. Nf3 Nf6 2. g3 g6 3. Bg2 Bg7 4. O-O O-O 5. d4 d6 6. c4 Nc6 7. Nc3 e5 8. d5
Ne7 9. e4 Ne8 10. Ne1 f5 11. Nd3 Nf6 12. Bg5 Nxe4 13. Nxe4 fxe4 14. Bxe4 Bf5
15. Qe2 Qd7 16. Bxe7 Qxe7 17. Bxf5 gxf5 18. Nf4 Rf6 19. Ne6 c6 20. Rac1 Bh6 21.
Rc3 Kh8 22. Kh1 Rg8 23. Qh5 b5 24. cxb5 cxd5 25. Nc7 d4 26. Rc6 Qd7 27. a4 Rfg6
28. Qf3 e4 29. Qh5 d3 30. Nd5 Qf7 31. Ne3 f4 32. Nf5 Qd5 33. Qh3 e3+ 34. Kg1 e2
35. Ne7 exf1=Q+ 36. Qxf1 Qd4 37. Nxg6+ Rxg6 38. Rc8+ Kg7 39. Qh3 Qf6 40. Rc3 d2
41. Qd7+ Qf7 42. Qxf7+ Kxf7 43. Rd3 fxg3 44. a5 gxh2+ 45. Kxh2 Rg5 46. f4 Rxb5
47. Kg3 Rb4 0-1

[Event "31è Open International d'Avoine 2016"]
[Site "Avoine"]
[Date "2016.07.23"]
[Round "2.29"]
[White "De Lussac, Estephe"]
[Black "Colin, Vincent"]
[Result "0-1"]
[WhiteElo "1996"]
[BlackElo "2395"]
[PlyCount "90"]
[EventDate "2016.??.??"]

1. e4 c5 2. Nf3 e6 3. d4 cxd4 4. Nxd4 a6 5. Bd3 Qc7 6. O-O g6 7. c4 d6 8. Nc3
Nf6 9. Qe2 Bg7 10. Be3 O-O 11. Rac1 b6 12. f4 Bb7 13. b4 Nbd7 14. Nb3 Rab8 15.
a4 Ba8 16. Rc2 Rfe8 17. g4 h6 18. h3 Qd8 19. Qf2 a5 20. g5 Nh7 21. gxh6 Bxh6
22. bxa5 bxa5 23. Nb5 Ndf6 24. Nd2 Qd7 25. Rc3 d5 26. e5 dxc4 27. Nxc4 Nd5 28.
Ncd6 Nxc3 29. Nxc3 Red8 30. Ncb5 Bf8 31. Kh2 Bxd6 32. Nxd6 Qxa4 33. Bc2 Qa2 34.
Bd4 Qa3 35. Ra1 Qf3 36. Qxf3 Bxf3 37. Rxa5 Rb4 38. Bc3 Rbb8 39. Bd4 Nf8 40. Kg3
Ra8 41. Rxa8 Bxa8 42. Bb6 Rb8 43. Bc7 Rb2 44. Ba4 Rg2+ 45. Kh4 Bf3 0-1

[Event "31è Open International d'Avoine 2016"]
[Site "Avoine"]
[Date "2016.07.23"]
[Round "2.30"]
[White "Devallee, Jeremie"]
[Black "Viel, Simon"]
[Result "1-0"]
[WhiteElo "2284"]
[BlackElo "2066"]
[PlyCount "113"]
[EventDate "2016.??.??"]

1. Nc3 d5 2. e4 Nf6 3. e5 Nfd7 4. d4 e6 5. f4 c5 6. Nf3 Nc6 7. Be3 a6 8. Qd2 b5
9. dxc5 Bxc5 10. Ne2 Bxe3 11. Qxe3 Bb7 12. Ned4 Qb6 13. Bd3 b4 14. O-O Nc5 15.
f5 Nxd3 16. cxd3 exf5 17. Nxf5 Qxe3+ 18. Nxe3 d4 19. Nf5 O-O 20. Rac1 Rad8 21.
Rxc6 Bxc6 22. Ne7+ Kh8 23. Nxc6 Rd5 24. Nfxd4 f6 25. e6 Re8 26. e7 Kg8 27. Rf5
Rd6 28. Kf2 Kf7 29. Ke3 Rc8 30. Rc5 Rd7 31. Nd8+ Rcxd8 32. exd8=Q Rxd8 33. Rc7+
Ke8 34. Rxg7 Rd5 35. Rxh7 Re5+ 36. Kd2 Rg5 37. g3 Ra5 38. Nb3 Rxa2 39. Kc2 Kf8
40. h4 Kg8 41. Rb7 Ra4 42. d4 f5 43. d5 Kf8 44. d6 Ke8 45. h5 a5 46. Kb1 f4 47.
gxf4 Kf8 48. Nc5 Ra3 49. bxa3 bxa3 50. h6 Kg8 51. Ne6 a2+ 52. Ka1 a4 53. f5 a3
54. Nf4 Kh8 55. Ng6+ Kg8 56. Rb8+ Kf7 57. Rf8# 1-0

[Event "31è Open International d'Avoine 2016"]
[Site "Avoine"]
[Date "2016.07.23"]
[Round "2.31"]
[White "Batteux, Mickael"]
[Black "Giacomini, Hector"]
[Result "1/2-1/2"]
[WhiteElo "2063"]
[BlackElo "2239"]
[PlyCount "82"]
[EventDate "2016.??.??"]

1. d4 d5 2. Nf3 Nf6 3. c4 e6 4. g3 c6 5. Bg2 Nbd7 6. Qc2 Bd6 7. O-O O-O 8. b3
Re8 9. Bb2 e5 10. dxe5 Nxe5 11. Rd1 Bg4 12. Nbd2 Qe7 13. Nf1 dxc4 14. bxc4
Nxf3+ 15. exf3 Bh5 16. Ne3 Be5 17. Bxe5 Qxe5 18. Qb3 Re7 19. Qb4 Rae8 20. Rac1
g5 21. Re1 Bg6 22. Red1 c5 23. Qa3 b6 24. Qc3 Qxc3 25. Rxc3 Kf8 26. Bh3 Re5 27.
Ra3 R5e7 28. Rd6 Kg7 29. Rc3 h6 30. Rc1 Rb7 31. a4 Re5 32. Rcd1 Ree7 33. Kg2
Ne8 34. Rd8 Nc7 35. Rc8 Ne6 36. Bxe6 fxe6 37. Rdd8 Bf7 38. Ng4 h5 39. Ne5 Kf6
40. f4 gxf4 41. gxf4 a6 1/2-1/2

[Event "31è Open International d'Avoine 2016"]
[Site "Avoine"]
[Date "2016.07.23"]
[Round "2.32"]
[White "Gerard, Nicolas"]
[Black "Djidjeli, Sofiane"]
[Result "0-1"]
[WhiteElo "2192"]
[BlackElo "1930"]
[PlyCount "180"]
[EventDate "2016.??.??"]

1. d4 d5 2. c4 dxc4 3. e3 e5 4. Bxc4 exd4 5. exd4 Nf6 6. Nf3 Bd6 7. O-O O-O 8.
Bg5 Bg4 9. Nc3 Nc6 10. Be3 a6 11. Be2 h6 12. Qd2 Re8 13. Rfd1 Ne7 14. Ne5 Bxe2
15. Qxe2 Ned5 16. Qf3 Nxe3 17. fxe3 Qe7 18. Nc4 b5 19. Nxd6 cxd6 20. Re1 Rac8
21. a3 Rc4 22. Rad1 b4 23. axb4 Rxb4 24. Rd2 Reb8 25. Ree2 Qc7 26. e4 Qa7 27.
Qd3 Rc8 28. Re1 Rcc4 29. Red1 Qb6 30. Kh1 Rxd4 31. Qe2 a5 32. Rxd4 Rxd4 33.
Rxd4 Qxd4 34. h3 Qe5 35. Kg1 Nh5 36. Qe3 Nf4 37. Kh1 Ne6 38. Qd2 Ng5 39. Qe2
Qd4 40. Qg4 Ne6 41. Qf5 Qe5 42. Qf2 Qc5 43. Qe2 Nc7 44. Qd2 Ne6 45. Qe2 Qb4 46.
Nd5 Qb7 47. Qd2 a4 48. Nc3 Qb4 49. Kh2 Ng5 50. Qc2 a3 51. bxa3 Qxa3 52. Qd2 Qb4
53. Qd3 Qc5 54. Kh1 Qe5 55. Qc4 Ne6 56. Nd5 Nc5 57. Nc3 g6 58. Qb4 Kg7 59. Qc4
Ne6 60. Nd5 Nd4 61. Nc3 Qc5 62. Qd3 h5 63. Qg3 Qe5 64. Qxe5+ dxe5 65. g3 f5 66.
Kg2 Kf6 67. Kf2 Kg5 68. Nd5 fxe4 69. Nc3 Kf5 70. Ke3 Nc2+ 71. Kd2 Na3 72. Nd5
Nc4+ 73. Kc3 Nd6 74. Ne7+ Kf6 75. Nd5+ Ke6 76. Nc7+ Kf6 77. Nd5+ Kg5 78. Ne3 h4
79. gxh4+ Kxh4 80. Ng4 Nf7 81. Kd2 Kxh3 82. Nf2+ Kg2 83. Nxe4 g5 84. Ke3 g4 85.
Ke2 g3 86. Ke1 Kh2 87. Nd2 g2 88. Nf3+ Kh1 89. Kf2 Nd6 90. Ng1 Ne4+ 0-1

[Event "31è Open International d'Avoine 2016"]
[Site "Avoine"]
[Date "2016.07.23"]
[Round "2.33"]
[White "Roussel, Glenn"]
[Black "Gey, Marc-Emile"]
[Result "1-0"]
[WhiteElo "2139"]
[BlackElo "1901"]
[PlyCount "37"]
[EventDate "2016.??.??"]

1. e4 Nf6 2. e5 Nd5 3. d4 d6 4. exd6 cxd6 5. c4 Nb6 6. d5 Bf5 7. Nf3 N8d7 8.
Nd4 Bxb1 9. Rxb1 g6 10. b3 Bg7 11. Bb2 O-O 12. Be2 Nc5 13. O-O e5 14. dxe6 Nxe6
15. Nxe6 fxe6 16. Ba3 Nc8 17. Bg4 Kh8 18. Bxe6 Qa5 19. Qc1 1-0

[Event "31è Open International d'Avoine 2016"]
[Site "Avoine"]
[Date "2016.07.23"]
[Round "2.34"]
[White "Gendre, Pascal"]
[Black "Grigorian, Roudolph"]
[Result "0-1"]
[WhiteElo "1907"]
[BlackElo "2110"]
[PlyCount "44"]
[EventDate "2016.??.??"]

1. d4 Nf6 2. Nf3 b6 3. c4 Bb7 4. Nc3 e6 5. Qc2 Bb4 6. Bd2 O-O 7. e3 d5 8. cxd5
exd5 9. Bd3 Nbd7 10. Ne2 Bxd2+ 11. Nxd2 Re8 12. Nf3 c5 13. Ng3 Rc8 14. Qe2 Ne4
15. Bb5 Bc6 16. Ba6 Rc7 17. dxc5 bxc5 18. Nxe4 dxe4 19. Nd2 Ne5 20. O-O-O Qf6
21. Nb3 c4 22. Nd4 Ba4 0-1

[Event "31è Open International d'Avoine 2016"]
[Site "Avoine"]
[Date "2016.07.23"]
[Round "2.35"]
[White "Destic, Pablo"]
[Black "Viers, Emmanuel"]
[Result "1-0"]
[WhiteElo "1918"]
[BlackElo "2095"]
[PlyCount "61"]
[EventDate "2016.??.??"]

1. e4 c5 2. Nf3 Nc6 3. d4 cxd4 4. Nxd4 g6 5. Nc3 Bg7 6. Be3 Nf6 7. f3 O-O 8.
Qd2 d5 9. O-O-O dxe4 10. fxe4 Ng4 11. Nxc6 Qxd2+ 12. Bxd2 bxc6 13. Re1 Be6 14.
Ba6 Rab8 15. Na4 Rfd8 16. h3 Ne5 17. Bc3 Bh6+ 18. Kb1 Nc4 19. b3 f6 20. Nc5 Bf7
21. Nb7 Nd2+ 22. Ka1 Rd7 23. Nc5 Rd6 24. Bd3 f5 25. exf5 gxf5 26. Rxe7 Bg5 27.
Re2 Ne4 28. Bxe4 fxe4 29. Be5 Bf6 30. Bxf6 Rxf6 31. Nd7 1-0

[Event "31è Open International d'Avoine 2016"]
[Site "Avoine"]
[Date "2016.07.23"]
[Round "2.36"]
[White "Cau, Benjamin"]
[Black "Collinet, Nicolas"]
[Result "1-0"]
[WhiteElo "2092"]
[BlackElo "1959"]
[PlyCount "49"]
[EventDate "2016.??.??"]

1. e4 e5 2. Nf3 Nc6 3. Bb5 a6 4. Bxc6 dxc6 5. O-O Bd6 6. d4 exd4 7. Qxd4 f6 8.
c4 c5 9. Qe3 Ne7 10. Nc3 O-O 11. b3 Ng6 12. Bb2 c6 13. Rad1 Qc7 14. Na4 Re8 15.
Rfe1 Ne5 16. Nxe5 Bxe5 17. Bxe5 Rxe5 18. Nxc5 Qe7 19. Nd3 Ra5 20. Qd2 Rg5 21.
f4 Rg6 22. f5 Rg5 23. Nf4 Kf7 24. Qd8 Qe5 25. Ne6 1-0